000 00677cam a2200241 4500500
005 20260405003626.0
041 _afre
042 _adc
100 1 0 _aNathan, Tobie
_eauthor
245 0 0 _aTaxi volant. Voyage dans le ventre de la mère
260 _c2023.
500 _a68
690 _aAvion
690 _aJeux Olympiques
690 _aMaternité
690 _aTaxi
690 _aTobie Nathan
690 _aTransport
690 _aVentre
690 _aVoiture
786 0 _nPhilosophie magazine | 166 | 1 | 2023-02-01 | p. 13-13 | 1951-1787
856 4 1 _uhttps://shs.cairn.info/magazine-philosophie-magazine-2023-1-page-13?lang=fr&redirect-ssocas=7080
999 _c2069393
_d2069393